[Event "Match"]
[Site "www.echecsemail.com"]
[Date "2018.09.11"]
[Round "1"]
[White "Carsontwhite"]
[Black "Logout"]
[WhiteElo "1499"]
[BlackElo "1499"]
[Result "0-1"]
[Round "1"]
1.d4 d5
2.b4 e6
3.e3 Bf8xb4
4.c3 Bb4d6
5.Bc1a3 b6
6.Ng1f3 Bd6xa3
7.Nb1xa3 c5
8.Qd1a4 Bc8d7
9.Qa4d1 Ng8f6
10.Nf3e5 Nb8c6
11.Ne5xd7 Qd8xd7
12.f4 c4
13.g4 Nf6e4
14.Na3b5 a6
15.Nb5a3 Ne4xc3
16.Qd1c1 Nc3e4
17.Bf1g2 f5
18.g5 b5
19.Rh1f1 Nc6b4
20.Ra1b1 Nb4d3
21.Kd1 Nd3xc1
22.Rb1xc1 b4
23.Na3b1 Qd7a4
24.Rc1c2 b3
25.Rc2b2 bxa2
26.Kc1 a1Q
27.Rb2a2 Qa1xa2
28.Nb1c3 Qa4c2

0-1

[Event "Tourn. n9932"]
[Site "www.echecsemail.com"]
[Date "2018.09.11"]
[Round "1"]
[White "Fabos12"]
[Black "Bira47"]
[WhiteElo "1930"]
[BlackElo "1980"]
[Result "0-1"]
[Round "1"]
1.d4 g6
2.e4 Bf8g7
3.Bc1e3 b6
4.c3 Bc8b7
5.Nb1d2 Ng8f6
6.Bf1d3 O-O
7.h3 a6
8.g4 d5
9.e5 Nf6e8
10.Ng1e2 { time. }
0-1

[Event "1/64 Finale"]
[Site "www.chess-mail.com"]
[Date "2018.09.11"]
[Round "1"]
[White "Grischuk2789"]
[Black "Malbertan"]
[WhiteElo "2490"]
[BlackElo "2050"]
[Result "1-0"]
[Round "1"]
1.d4 c5
2.d5 d6
3.e4 Ng8f6
4.Bf1d3 g6
5.c4 Bf8g7
6.Nb1c3 O-O
7.h3 Nb8d7
8.Ng1f3 a6
9.O-O Nf6e8
10.Bc1f4 Ne8c7
11.Ra1c1 Ra8b8
12.a4 Nd7f6
13.e5 Nf6h5
14.Bf4h2 Bg7h6
15.Rc1a1 Bh6f4
16.Rf1e1 Bf4xh2
17.Kxh2 Nh5g7
18.a5 Bc8f5
19.Bd3xf5 Ng7xf5
20.Qd1d2 b5
21.axb6 Rb8xb6
22.g4 Nf5g7
23.Qd2h6 f6
24.Nc3e4 Rb6xb2
25.Kg1 Rb2b4
26.Nf3g5 fxg5
27.Ne4xg5 Rf8f7
28.Qh6xh7 { resign }
1-0

[Event "Match"]
[Site "www.echecsemail.com"]
[Date "2018.09.12"]
[Round "1"]
[White "Darknight"]
[Black "Ditto"]
[WhiteElo "1880"]
[BlackElo "1870"]
[Result "0-1"]
[Round "1"]
1.e4 e5
2.Bf1c4 Nb8c6
3.a3 Ng8f6
4.d3 Bf8c5
5.h3 d5
6.exd5 Nc6d4
7.c3 Nd4f5
8.Bc1g5 Qd8d6
9.Qd1e2 Bc8d7
10.a4 O-O
11.b4 Bc5xb4
12.cxb4 Qd6xb4
13.Bg5d2 Qb4b2
14.Bd2c3 Qb2b6
15.Ng1f3 Rf8e8
16.Nf3xe5 Bd7c8
17.O-O Qb6d6
18.Nb1d2 Nf6xd5
19.Bc3b2 Bc8e6
20.Nd2e4 Qd6d8
21.Rf1d1 a6
22.d4 Nd5f4
23.Qe2c2 Nf5h4
24.g3 Nf4xh3
25.Kh1 Be6g4
26.Ne5xg4 Nh4f3
27.Kg2 Nf3g5
28.f3 Kh8
29.Bb2c1 f5
30.Ng4e3 f4
31.gxf4 Nh3xf4
32.Kf1 Ng5xf3
33.Qc2f2 Nf3xd4
34.Ne4d2 Re8f8
35.Ke1 Qd8e8
36.Qf2g3 Qe8h5
37.Bc1b2 Ra8d8
38.Kf2 Nf4e2
39.Kg2 Ne2xg3
40.Kxg3 Qh5g5
41.Ne3g4 Nd4f5
42.Kh2 Qg5xg4
43.Rd1g1 Rd8xd2
{ resign }
0-1

[Event "Match"]
[Site "www.echecsemail.com"]
[Date "2018.09.12"]
[Round "1"]
[White "Jesmantiz"]
[Black "Gidgud"]
[WhiteElo "2230"]
[BlackElo "2350"]
[Result "1-0"]
[Round "1"]
1.d4 Ng8f6
2.c4 e6
3.e3 Bf8b4
4.Bc1d2 Bb4xd2
5.Nb1xd2 O-O
6.Bf1d3 d5
7.Ng1f3 Nb8d7
8.Ra1c1 c6
9.O-O Qd8e7
10.Nf3e5 Nd7xe5
11.dxe5 Nf6d7
12.f4 Rf8d8
13.Rf1f3 f5
14.exf6 Nd7xf6
15.Rf3g3 dxc4
16.Bd3xc4 Nf6e4
17.Nd2xe4 Rd8xd1
18.Rc1xd1 b6
19.f5 Kh8
20.Ne4g5 h6
21.Ng5xe6 Bc8xe6
22.fxe6 Ra8d8
23.Rd1f1 Rd8f8
24.Rf1xf8 Qe7xf8
25.Rg3f3 Qf8c5
26.Bc4b3 Qc5c1
27.Kf2 Qc1d2
28.Kg3 Qd2xb2
29.Rf3f8 Kh7
30.Rf8f7 Qb2e5
31.Kf2 Qe5b2
32.Kf3 Qb2e5
33.e7 Kg6
34.g4 a5
35.h4 h5
36.g5 b5
37.Rf7f8 { resign }
1-0

[Event "Match"]
[Site "www.echecsemail.com"]
[Date "2018.09.12"]
[Round "1"]
[White "Chapi"]
[Black "J1j6"]
[WhiteElo "2120"]
[BlackElo "2020"]
[Result "0-1"]
[Round "1"]
1.d4 Ng8f6
2.c4 d5
3.Nb1c3 b6
4.Bc1f4 dxc4
5.Nc3b5 Nf6d5
6.Bf4g3 a6
7.e4 axb5
8.exd5 Bc8b7
9.a4 Bb7xd5
10.axb5 Ra8xa1
11.Qd1xa1 e6
12.Ng1e2 Bf8b4
13.Ne2c3 Bb4xc3
14.bxc3 O-O
15.f3 Nb8d7
16.Bf1e2 Qd8g5
17.f4 Qg5f5
18.Kf2 Qf5e4
19.Qa1f1 Nd7f6
20.h4 Rf8a8
21.Kg1 Ra8a1
{ resign }
0-1

[Event "Tourn. n9938"]
[Site "www.echecsemail.com"]
[Date "2018.09.12"]
[Round "1"]
[White "Bojan"]
[Black "Karamelka"]
[WhiteElo "1950"]
[BlackElo "2060"]
[Result "0-1"]
[Round "1"]
1.e4 e6
2.d4 d5
3.exd5 exd5
4.a3 Ng8f6
5.Nb1c3 c6
6.h3 Bf8d6
7.Bf1d3 O-O
8.Ng1f3 Rf8e8
9.Bc1e3 h6
10.Qd1d2 Nb8d7
11.Nf3h2 Nd7b6
12.b3 Nf6e4
13.Nc3xe4 dxe4
14.Bd3e2 Nb6d5
15.Be3xh6 gxh6
16.Qd2xh6 Bd6f4
17.Qh6h5 Kg7
18.Be2c4 Re8h8
19.Qh5e2 Nd5c3
20.Qe2f1 Qd8xd4
21.Bc4d3 Rh8e8
22.Bd3e2 Qd4d2
{ resign }
0-1

[Event "Tourn. n9913"]
[Site "www.echecsemail.com"]
[Date "2018.09.12"]
[Round "1"]
[White "Deneb"]
[Black "Passaroa25"]
[WhiteElo "1600"]
[BlackElo "1650"]
[Result "1-0"]
[Round "1"]
1.e4 Nb8c6
2.d4 Ng8f6
3.d5 Nc6e5
4.f4 Ne5g4
5.e5 Ng4xh2
6.Rh1xh2 Nf6e4
7.Qd1d4 f5
8.Bf1d3 c5
9.Qd4a4 g6
10.Bd3xe4 fxe4
11.Nb1c3 Bf8g7
12.Nc3xe4 b6
13.Ne4g5 Bc8b7
14.Ng5e6 Bb7c6
15.Ne6xg7 Kf7
16.dxc6 Kxg7
17.cxd7 e6
18.Ng1f3 Kf7
19.f5 gxf5
20.Qa4c6 h5
21.Nf3g5 Kg6
22.Qc6xe6 Kg7
23.Qe6f7 { resign }
1-0

[Event "Tourn. n9817"]
[Site "www.echecsemail.com"]
[Date "2018.09.12"]
[Round "1"]
[White "Falcoale"]
[Black "Odin"]
[WhiteElo "1980"]
[BlackElo "1810"]
[Result "0-1"]
[Round "1"]
1.e4 c5
2.Ng1f3 Nb8c6
3.Bf1c4 e6
4.O-O Ng8f6
5.d3 g6
6.Bc1g5 d6
7.Rf1e1 Bf8g7
8.Nb1c3 O-O
9.Nc3e2 d5
10.exd5 exd5
11.Bc4b3 b5
12.a3 Qd8c7
13.Ra1b1 c4
14.Bg5f4 Qc7b6
15.dxc4 bxc4
16.Bb3a2 Nf6g4
17.Re1f1 Rf8e8
18.h3 Ng4f6
19.Ne2d4 Nf6h5
20.Bf4e3 Nc6xd4
21.Nf3xd4 Nh5f6
22.Nd4f5 Qb6c6
23.c3 Bc8xf5
24.Rb1c1 Nf6e4
25.Ba2b1 Qc6e6
26.Rf1e1 Bf5xh3
27.Be3d4 Qe6f5
28.Bb1xe4 dxe4
29.Rc1c2 Ra8d8
30.gxh3 Qf5xh3
31.Re1e3 Qh3f5
32.Rc2d2 Rd8d7
33.Bd4xg7 Rd7xd2
34.Qd1xd2 Kxg7
35.Qd2d4 Kg8
36.Qd4xc4 Qf5g4
37.Re3g3 Qg4d1
38.Kg2 Qd1d2
39.b4 e3
40.Rg3xe3 Re8xe3
41.Qc4c8 Kg7
42.Qc8c5 Qd2xc3
43.Qc5xe3 Qc3c6
44.Qe3f3 Qc6a6
45.Qf3b3 h5
46.b5 Qa6b7
47.f3 Qb7e7
48.Qb3c3 Qe7f6
49.Qc3xf6 Kxf6
50.a4 Ke6
51.Kg3 g5
52.Kf2 f5
53.Kg3 Kd5
54.a5 Kc5
55.b6 axb6
56.a6 Kc6
57.Kf2 b5
{ resign }
0-1

[Event "Tourn. n9889"]
[Site "www.echecsemail.com"]
[Date "2018.09.12"]
[Round "1"]
[White "Cirovicz"]
[Black "Hundegana"]
[WhiteElo "2140"]
[BlackElo "2100"]
[Result "1/2-1/2"]
[Round "1"]
1.e4 c5
2.c3 e5
3.d4 cxd4
4.cxd4 Ng8f6
5.Bc1g5 h6
6.dxe5 hxg5
7.exf6 Qd8xf6
8.Nb1c3 Bf8c5
9.f3 g4
10.Nc3d5 Qf6e5
11.Qd1c2 b6
12.f4 Qe5d6
13.b4 Bc5xb4
14.Nd5xb4 Qd6xb4
15.Qc2d2 Qb4xe4
16.Qd2e2 Bc8b7
17.Qe2xe4 Bb7xe4
18.Kf2 Nb8c6
19.Ra1e1 d5
20.Bf1b5 Kd7
21.Re1c1 d4
22.Ng1e2 a6
23.Bb5xc6 Be4xc6
24.Ne2xd4 Bc6d5
25.a4 Ra8c8
26.Nd4f5 Rc8xc1
27.Rh1xc1 Rh8xh2
28.Nf5e3 Bd5e6
29.f5 Be6b3
30.Ne3xg4 Rh2h5
31.f6 Rh5f5
32.Ke3 gxf6
33.Rc1b1 Bb3xa4
34.Rb1xb6 Ba4b5
35.Rb6xf6 Rf5xf6
36.Ng4xf6 Ke6
37.Nf6e4 Bb5c6
38.Ne4g5 Kf6
39.Ng5xf7 Kxf7
40.Kd4 Kf6
41.Kc3 Bc6xg2
42.Kb2 Ke5
43.Ka1 Kd4
44.Kb2 Kc4
45.Ka1 Kb3
46.Kb1 a5
47.Ka1 Bg2c6
48.Kb1 a4
49.Ka1 Kc2
50.Ka2 Kc1
51.Ka1 Bc6e4
52.Ka2 Be4d5
53.Ka1 Kd2
54.Kb2 Kd3
55.Ka1 Kc3
56.Kb1 Kb3
57.Ka1 a3
58.Kb1 a2
59.Ka1 Ka4
60.Kb2 Bd5b3
61.Ka1 Bb3c2
62.Kxa2 { draw }
1/2-1/2

[Event "Tourn. n9888"]
[Site "www.echecsemail.com"]
[Date "2018.09.12"]
[Round "1"]
[White "Alekpax"]
[Black "Cathar"]
[WhiteElo "2360"]
[BlackElo "2410"]
[Result "1-0"]
[Round "1"]
1.e4 e6
2.Nb1c3 d5
3.d4 Bf8b4
4.exd5 exd5
5.Bf1d3 Nb8c6
6.a3 Bb4xc3
7.bxc3 Ng8e7
8.Qd1h5 Bc8e6
9.Ra1b1 b6
10.Ng1e2 Qd8d7
11.a4 Be6f5
12.O-O Bf5xd3
13.cxd3 Qd7f5
14.Qh5xf5 Ne7xf5
15.f3 O-O-O
16.g4 Nf5e7
17.h3 h5
18.Kh2 Ne7g6
19.Ne2g3 hxg4
20.fxg4 f6
21.Rb1b2 Rh8h7
22.Ng3h5 Rd8h8
23.Rb2e2 Kd7
24.Kg3 Nc6e7
25.Bc1a3 Ne7c6
26.Rf1e1 Rh8g8
27.h4 Rg8d8
28.Re2f2 Kc8
29.Re1e6 Kb7
30.Rf2f5 Rd8d7
31.Nh5xf6 gxf6
32.Rf5xf6 Ng6e7
33.g5 Nc6d8
34.Re6xe7 Rd7xe7
35.Ba3xe7 Rh7xe7
36.g6 Kc8
37.h5 Kd7
38.h6 { resign }
1-0

[Event "Tourn. n9927"]
[Site "www.echecsemail.com"]
[Date "2018.09.12"]
[Round "1"]
[White "Fantomas"]
[Black "Tevere"]
[WhiteElo "2100"]
[BlackElo "2160"]
[Result "1-0"]
[Round "1"]
1.e4 e5
2.Ng1f3 Nb8c6
3.Bf1b5 a6
4.Bb5a4 d6
5.c3 Bc8d7
6.O-O Ng8f6
7.Rf1e1 Bf8e7
8.d4 O-O
9.d5 Nc6a5
10.Ba4c2 c6
11.Nb1a3 b5
12.b4 Na5b7
13.Bc1g5 a5
14.Bg5c1 axb4
15.cxb4 cxd5
16.exd5 Qd8b6
17.h3 Rf8c8
18.Bc2b3 Be7d8
19.Bc1b2 Qb6a7
20.Na3c2 Bd8b6
21.Re1e2 Bb6xf2
22.Re2xf2 Nf6e4
23.Qd1e2 Qa7xf2
24.Qe2xf2 Ne4xf2
25.Kxf2 Bd7f5
26.Nc2e3 Bf5d3
27.Nf3d2 f5
28.g3 Rc8f8
29.Ne3g2 f4
30.gxf4 exf4
31.Ra1e1 Rf8f7
32.h4 Ra8f8
33.Nd2f3 Nb7d8
34.Nf3g5 f3
35.Ng2e3 Rf7f4
36.Ng5e6 Rf4f7
37.Ne6xf8 Kxf8
38.Re1g1 g6
39.Rg1g3 Bd3e2
40.Rg3g4 Rf7a7
41.Rg4f4 Nd8f7
42.Ne3c2 Ra7a8
43.Nc2d4 Be2d1
44.a3 Bd1xb3
45.Nd4xb3 Kg8
46.Rf4xf3 Nf7e5
47.Bb2xe5 Ra8xa3
48.Be5xd6 { resign }
1-0

[Event "1/128 Finale"]
[Site "www.chess-mail.com"]
[Date "2018.09.12"]
[Round "1"]
[White "Hennie4820"]
[Black "Ranjachess"]
[WhiteElo "2000"]
[BlackElo "1850"]
[Result "1-0"]
[Round "1"]
1.e4 e5
2.Ng1f3 d6
3.Bf1c4 h6
4.d4 Nb8c6
5.dxe5 Qd8e7
6.O-O dxe5
7.Nb1c3 Bc8d7
8.Bc1e3 Qe7b4
9.Bc4b3 O-O-O
10.Rf1e1 Bd7g4
11.Qd1e2 Nc6d4
12.Be3xd4 Rd8xd4
13.Qe2e3 Bg4xf3
14.Qe3xf3 f6
15.Nc3d5 Qb4c5
16.Qf3f5 Kb8
17.Qf5d7 Ng8e7
18.Qd7e8 Ne7c8
19.Nd5xf6 Qc5e7
20.Qe8xe7 Bf8xe7
21.Nf6d5 c6
22.Nd5xe7 Nc8xe7
23.Ra1d1 Rh8d8
24.Rd1xd4 Rd8xd4
25.f3 b5
26.Kf2 c5
27.c3 Rd4d2
28.Re1e2 Rd2xe2
29.Kxe2 b4
30.cxb4 cxb4
31.Kd3 a5
32.Kc4 Kb7
33.Kb5 Ne7g6
34.Kxa5 Ng6f4
35.g3 Nf4d3
36.Bb3d5 Kc7
37.a3 Nd3xb2
38.axb4 g5
39.b5 Kb8
40.b6 h5
41.Kb5 h4
42.Kc6 Nb2d3
43.Kd6 Kc8
44.b7 Kb8
45.Ke6 Nd3c5
46.Kxe5 Nc5xb7
47.Bd5xb7 Kxb7
48.Kf5 Kc7
49.Kxg5 hxg3
50.hxg3 Kd7
51.f4 Ke6
52.Kg6 Ke7
53.f5 Kf8
54.e5 Kg8
55.e6 Kf8
56.f6 Ke8
57.e7 Kd7
58.Kf7 Kd6
59.e8Q Kc7
60.Ke6 Kb7
61.Kd5 Kc7
62.Kc5 Kb7
63.Qe8c6 Kb8
64.Qc6d7 Ka8
65.Kb6 Kb8
66.Qd7b7 
1-0

[Event "Match"]
[Site "www.echecsemail.com"]
[Date "2018.09.13"]
[Round "1"]
[White "Paco"]
[Black "Alessiov"]
[WhiteElo "1950"]
[BlackElo "2260"]
[Result "0-1"]
[Round "1"]
1.e4 e5
2.Ng1f3 Nb8c6
3.Bf1c4 Ng8f6
4.d3 Bf8c5
5.Nf3g5 O-O
6.Nb1c3 Nc6d4
7.Nc3a4 Bc5e7
8.c3 Nd4c6
9.Qd1b3 d5
10.exd5 Nc6a5
11.Ng5xf7 Rf8xf7
12.Qb3b5 Na5xc4
13.dxc4 a6
14.Qb5b3 b5
15.d6 Qd8xd6
16.c5 Qd6c6
17.O-O Nf6g4
18.f3 bxa4
19.Qb3c4 Qc6xc5
20.Qc4xc5 Be7xc5
21.Kh1 Ng4f2
{ resign }
0-1

[Event "Tourn. n9927"]
[Site "www.echecsemail.com"]
[Date "2018.09.13"]
[Round "1"]
[White "Joskomol"]
[Black "Orhany24"]
[WhiteElo "2290"]
[BlackElo "2070"]
[Result "1/2-1/2"]
[Round "1"]
1.e3 d5
2.Ng1f3 c5
3.Bf1b5 Bc8d7
4.Qd1e2 a6
5.Bb5d3 Nb8c6
6.c4 Ng8f6
7.Nb1c3 e6
8.Nc3a4 { draw }
1/2-1/2

[Event "Match"]
[Site "www.echecsemail.com"]
[Date "2018.09.13"]
[Round "1"]
[White "Whitekknight"]
[Black "Apdash"]
[WhiteElo "1840"]
[BlackElo "2130"]
[Result "0-1"]
[Round "1"]
1.e4 e5
2.Ng1f3 Nb8c6
3.Bf1c4 Bf8c5
4.O-O Ng8f6
5.Nb1c3 d6
6.h3 O-O
7.d3 Qd8e7
8.Rf1e1 Nc6a5
9.Bc4b3 Na5xb3
10.axb3 a6
11.Bc1g5 h6
12.Bg5h4 c6
13.Qd1d2 Qe7e6
14.Nc3a4 Bc5a7
15.Na4c3 Nf6h5
16.Qd2e2 Nh5f4
17.Qe2d2 Qe6g6
18.Bh4g3 Qg6xg3
19.Kf1 Qg3xg2
{ resign }
0-1

[Event "Tourn. n9929"]
[Site "www.echecsemail.com"]
[Date "2018.09.13"]
[Round "1"]
[White "Cathar"]
[Black "Sociopath"]
[WhiteElo "2330"]
[BlackElo "2680"]
[Result "0-1"]
[Round "1"]
1.d4 Ng8f6
2.c4 g6
3.Nb1c3 Bf8g7
4.e4 d6
5.Bf1e2 O-O
6.Bc1g5 c5
7.d5 a6
8.a4 h6
9.Bg5f4 e6
10.dxe6 Bc8xe6
11.Bf4xd6 Rf8e8
12.Bd6xc5 Nb8d7
13.Bc5e3 Qd8a5
14.Be3d2 Nd7e5
15.b3 Ra8d8
16.Nc3d5 Qa5c5
17.f3 Be6xd5
18.cxd5 Nf6xd5
19.Qd1c1 Qc5d4
20.Ra1a2 f5
{ resign }
0-1

[Event "Tourn. n9917"]
[Site "www.echecsemail.com"]
[Date "2018.09.13"]
[Round "1"]
[White "Cathar"]
[Black "Coolant"]
[WhiteElo "2400"]
[BlackElo "2350"]
[Result "1/2-1/2"]
[Round "1"]
1.e4 Nb8c6
2.Ng1f3 e5
3.Bf1b5 f5
4.Nb1c3 fxe4
5.Nc3xe4 Ng8f6
6.Ne4xf6 Qd8xf6
7.Qd1e2 Bf8d6
8.d4 O-O
9.Bb5xc6 bxc6
10.dxe5 Bd6xe5
11.Qe2xe5 Qf6xe5
12.Nf3xe5 Rf8e8
13.f4 d6
14.O-O dxe5
15.fxe5 Re8xe5
16.Bc1f4 Re5e2
17.Rf1f2 Re2xf2
18.Kxf2 Bc8f5
19.c4 Ra8f8
20.Kg3 Bf5d3
21.c5 Rf8e8
22.Ra1d1 Bd3c4
23.b3 Bc4d5
24.Rd1d2 Re8e7
{ draw }
1/2-1/2

[Event "Match"]
[Site "www.echecsemail.com"]
[Date "2018.09.13"]
[Round "1"]
[White "Lcbunghai"]
[Black "Alekpax"]
[WhiteElo "2170"]
[BlackElo "2510"]
[Result "0-1"]
[Round "1"]
1.d4 Ng8f6
2.c4 e6
3.Ng1f3 b6
4.Nb1c3 Bf8b4
5.Bc1d2 Bc8b7
6.Ra1c1 O-O
7.e3 d5
8.a3 Bb4xc3
9.Bd2xc3 Nf6e4
10.Bf1e2 dxc4
11.Be2xc4 Nb8d7
12.O-O Qd8e7
13.Bc4d3 Ne4xc3
14.Rc1xc3 c5
15.Bd3b1 Rf8d8
16.dxc5 Nd7xc5
17.Qd1c2 g6
18.b4 Bb7xf3
19.bxc5 Qe7g5
20.g3 Ra8c8
21.cxb6 Qg5g4
22.Rc3xc8 Qg4h3
{ resign }
0-1

[Event "Tourn. n9928"]
[Site "www.echecsemail.com"]
[Date "2018.09.13"]
[Round "1"]
[White "Kuriero"]
[Black "Andychesston"]
[WhiteElo "2060"]
[BlackElo "2060"]
[Result "1-0"]
[Round "1"]
1.d4 d5
2.c4 Ng8f6
3.cxd5 Bc8f5
4.Nb1c3 e6
5.dxe6 fxe6
6.Ng1f3 Bf8d6
7.Bc1g5 O-O
8.e3 Nb8d7
9.Bf1c4 Kh8
10.O-O a6
11.e4 Bf5g4
12.e5 h6
13.Bg5h4 g5
14.Bh4g3 b5
15.Bc4d3 h5
16.exd6 h4
17.dxc7 Qd8e7
18.Bg3e5 Nd7xe5
19.Nf3xe5 Qe7xc7
20.Ne5xg4 Nf6h5
21.Ng4e5 Nh5f4
22.Ne5g6 Kg7
23.Ng6xf8 Ra8xf8
24.g3 Nf4h3
25.Kg2 Nh3f4
26.gxf4 Rf8xf4
27.Qd1h5 h3
28.Kh1 Qc7c6
29.d5 exd5
30.Qh5xg5 Qc6g6
31.Qg5xg6 { resign }
1-0

[Event "Tourn. n9920"]
[Site "www.echecsemail.com"]
[Date "2018.09.13"]
[Round "1"]
[White "Rav"]
[Black "Jjmcbride"]
[WhiteElo "1499"]
[BlackElo "1610"]
[Result "1-0"]
[Round "1"]
1.e4 e5
2.Ng1f3 f6
3.Nf3xe5 fxe5
4.Qd1h5 g6
5.Qh5xe5 Qd8e7
6.Qe5xh8 Qe7xe4
7.Kd1 Qe4e6
{ time. }
1-0

[Event "Tourn. n9907"]
[Site "www.echecsemail.com"]
[Date "2018.09.13"]
[Round "1"]
[White "Apdash"]
[Black "Malbertan"]
[WhiteElo "2040"]
[BlackElo "2050"]
[Result "1-0"]
[Round "1"]
1.e4 e5
2.Ng1f3 Nb8c6
3.Bf1b5 Ng8f6
4.O-O d6
5.Qd1e2 Bc8d7
6.c3 Bf8e7
7.Bb5xc6 Bd7xc6
8.d3 O-O
9.Bc1g5 h6
10.Bg5xf6 Be7xf6
11.Nb1d2 d5
12.exd5 Qd8xd5
13.Nd2e4 Bf6e7
14.c4 Qd5a5
15.a3 f5
16.b4 Qa5b6
17.c5 Qb6b5
18.Ne4c3 Bc6xf3
19.Qe2xf3 Qb5d7
20.Ra1d1 Qd7c8
21.Nc3d5 Be7g5
22.Rf1e1 c6
23.Nd5c3 Bg5f6
24.Nc3e2 Qc8c7
25.Qf3xf5 Bf6g5
26.Qf5e6 Kh8
27.d4 Ra8e8
28.Qe6g6 e4
29.Ne2g3 e3
30.fxe3 Re8xe3
31.Ng3f5 Re3xe1
32.Rd1xe1 Qc7d7
33.Nf5d6 Bg5f6
34.Re1d1 Qd7e7
35.h3 Qe7e2
36.Qg6d3 Qe2e7
37.Kh1 b6
38.Nd6e4 b5
39.Ne4xf6 Qe7xf6
40.d5 Rf8d8
41.d6 Qf6e5
42.Rd1f1 a5
43.Qd3d2 axb4
44.axb4 Qe5e6
45.Rf1e1 Qe6c4
46.Re1e7 Qc4b3
47.Re7c7 Qb3b1
48.Kh2 Qb1e4
49.Qd2c3 Qe4f4
50.Kg1 Qf4g5
51.Rc7xc6 { resign }
1-0

[Event "Match"]
[Site "www.echecsemail.com"]
[Date "2018.09.13"]
[Round "1"]
[White "Paco"]
[Black "Minorsana"]
[WhiteElo "1950"]
[BlackElo "1459"]
[Result "0-1"]
[Round "1"]
1.e4 e5
2.Ng1f3 Nb8c6
3.Bf1c4 Bf8e7
4.d3 Ng8f6
5.Nf3g5 O-O
6.Nb1c3 Nc6a5
7.Qd1f3 Na5xc4
8.dxc4 h6
9.h4 c6
10.Ng5h3 d6
11.Qf3g3 Nf6h5
12.Qg3f3 Nh5f6
13.Bc1e3 Bc8e6
14.b3 d5
15.exd5 cxd5
16.O-O-O Qd8a5
17.cxd5 Be6g4
18.Qf3g3 Qa5xc3
19.d6 Bg4f5
20.Rd1d2 Qc3a1

0-1

[Event "Tourn. n9927"]
[Site "www.echecsemail.com"]
[Date "2018.09.13"]
[Round "1"]
[White "Apdash"]
[Black "Tevere"]
[WhiteElo "2180"]
[BlackElo "2160"]
[Result "0-1"]
[Round "1"]
1.d4 Ng8f6
2.c4 d6
3.Nb1c3 g6
4.e4 Bf8g7
5.Bc1g5 O-O
6.Qd1d2 Bc8g4
7.Bf1e2 Bg4xe2
8.Ng1xe2 Nb8c6
9.O-O a6
10.Ra1d1 b5
11.cxb5 axb5
12.Bg5xf6 Bg7xf6
13.Nc3xb5 Ra8xa2
14.Nb5a3 Qd8b8
15.Rd1b1 Qb8b3
16.Rf1d1 Qb3e6
17.d5 Qe6xe4
18.dxc6 Qe4a4
19.Qd2e3 Ra2xb2
20.Rd1c1 Rf8a8
21.Rb1a1 Rb2b3
22.Ne2c3 Qa4b4
23.Nc3d5 Rb3xe3
24.Nd5xb4 Bf6xa1
25.Rc1xa1 Re3xa3
26.Ra1e1 Ra3a1
27.Kf1 Ra1xe1
28.Kxe1 e6
29.Nb4c2 Ra8a5
30.Kd2 Ra5d5
31.Ke3 Rd5c5
32.Nc2d4 e5
33.Nd4f3 f5
34.g3 Rc5xc6
35.Nf3g5 h6
36.Ng5e6 d5
37.Ne6d8 Rc6b6
38.h4 Kf8
39.f4 Ke8
40.fxe5 Kxd8
{ resign }
0-1

[Event "Match"]
[Site "www.echecsemail.com"]
[Date "2018.09.13"]
[Round "1"]
[White "Jesmantiz"]
[Black "Jovaras"]
[WhiteElo "2230"]
[BlackElo "2240"]
[Result "1-0"]
[Round "1"]
1.d4 d5
2.e3 Ng8f6
3.Bf1d3 c5
4.c3 Nb8c6
5.f4 g6
6.Nb1d2 Bf8g7
7.Ng1f3 O-O
8.O-O Bc8d7
9.dxc5 Rf8e8
10.Ra1b1 e5
11.fxe5 Nc6xe5
12.Nf3xe5 Re8xe5
13.Nd2f3 Re5e8
14.Nf3d4 Ra8c8
15.b4 b6
16.c6 Bd7xc6
17.Nd4xc6 Rc8xc6
18.Bd3b5 Rc6xc3
19.Bb5xe8 Qd8xe8
20.Rf1f3 Qe8c6
21.Bc1b2 Rc3c2
22.Bb2xf6 { resign }
1-0

[Event "Fast Game"]
[Site "www.echecsemail.com"]
[Date "2018.09.13"]
[Round "1"]
[White "Dougbeer"]
[Black "Stevep84"]
[WhiteElo "2100"]
[BlackElo "2040"]
[Result "1-0"]
[Round "1"]
1.e4 c6
2.c4 d5
3.cxd5 cxd5
4.exd5 Ng8f6
5.Nb1c3 Nf6xd5
6.Ng1f3 Nb8c6
7.Bf1b5 e6
8.O-O Bf8e7
9.d4 O-O
10.Rf1e1 Bc8d7
11.Bb5d3 a6
12.a3 Qd8c7
13.Nc3xd5 exd5
14.Qd1c2 Qc7d6
15.Bd3xh7 Kh8
16.Bh7f5 g6
17.Bc1f4 Qd6xf4
18.Bf5xd7 Be7f6
19.Bd7xc6 bxc6
20.Qc2xc6 Bf6xd4
21.Nf3xd4 Qf4xd4
22.b4 Kg7
23.Ra1d1 Qd4b2
24.Qc6xd5 Qb2xa3
25.Qd5d4 f6
26.Re1e7 Rf8f7
27.Re7xf7 Kxf7
28.Qd4d5 { resign }
1-0

[Event "Match"]
[Site "www.echecsemail.com"]
[Date "2018.09.14"]
[Round "1"]
[White "Deneb"]
[Black "Fangshuo"]
[WhiteElo "1600"]
[BlackElo "2070"]
[Result "1-0"]
[Round "1"]
1.e4 e6
2.d4 d5
3.Nb1c3 c5
4.exd5 exd5
5.dxc5 Ng8f6
6.Bc1e3 Nb8c6
7.Bf1b5 a6
8.Bb5a4 Bf8e7
9.Ng1f3 O-O
10.O-O Bc8g4
11.h3 Bg4h5
12.g4 Bh5g6
13.Rf1e1 Bg6e4
14.Nf3d4 Nc6e5
15.f3 Be4g6
16.b4 h5
17.Be3f2 Ne5c4
18.Qd1e2 b5
19.Nd4c6 Qd8d7
20.Nc6xe7 Kh7
21.Bf2d4 bxa4
22.Bd4xf6 gxf6
23.Ne7xd5 Kg7
24.Qe2xc4 hxg4
25.Qc4xg4 Qd7xg4
26.hxg4 Bg6xc2
27.Ra1c1 Bc2d3
28.Nc3xa4 Ra8b8
29.c6 Bd3b5
30.Na4b6 { resign }
1-0

[Event "Tourn. n9882"]
[Site "www.echecsemail.com"]
[Date "2018.09.14"]
[Round "1"]
[White "Iko"]
[Black "Falcoale"]
[WhiteElo "1710"]
[BlackElo "1910"]
[Result "0-1"]
[Round "1"]
1.e4 c5
2.d4 cxd4
3.Qd1xd4 Nb8c6
4.Qd4c3 e6
5.Bc1h6 Ng8f6
6.e5 Bf8b4
7.Bh6xg7 Bb4xc3
8.Nb1xc3 Rh8g8
9.Bg7xf6 Qd8b6
10.O-O-O Qb6xf2
11.Nc3b5 Ra8b8
12.Nb5d6 Kf8
13.Ng1h3 Qf2e3
14.Rd1d2 Nc6b4
15.Bf6g5 Rg8xg5
16.Nh3xg5 Nb4xa2
17.Kd1 Qe3xg5
18.Rd2f2 Qg5xe5
19.Rf2xf7 Kg8
20.Nd6c4 Qe5d4
21.Nc4d2 Kxf7
22.Bf1d3 Qd4xb2
23.Rh1f1 Ke7
24.Nd2c4 Qb2c1
25.Ke2 Na2c3
26.Kf2 Qc1g5
27.Kg1 b5
28.Nc4a5 Bc8b7
29.g3 h5
30.Rf1f4 b4
31.Na5c4 Rb8f8
32.Rf4d4 Qg5c1
33.Bd3f1 Nc3e2

0-1

[Event "Match"]
[Site "www.echecsemail.com"]
[Date "2018.09.14"]
[Round "1"]
[White "Estonia"]
[Black "Apdash"]
[WhiteElo "2020"]
[BlackElo "2150"]
[Result "0-1"]
[Round "1"]
1.d4 d5
2.c4 e6
3.Nb1c3 c6
4.cxd5 cxd5
5.Ng1f3 Nb8c6
6.e3 Ng8f6
7.Bf1b5 Bc8d7
8.O-O a6
9.Bb5xc6 bxc6
10.Nf3e5 c5
11.Ne5xd7 Qd8xd7
12.Bc1d2 cxd4
13.exd4 Bf8d6
14.g3 O-O
15.Ra1c1 Rf8c8
16.a3 e5
17.Bd2g5 exd4
18.Bg5xf6 dxc3
19.Bf6xc3 Bd6c5
20.Qd1h5 Rc8c6
21.Rc1d1 d4
22.b4 Rc6h6
23.Qh5xc5 Qd7h3
{ resign }
0-1

[Event "Tourn. n9932"]
[Site "www.echecsemail.com"]
[Date "2018.09.14"]
[Round "1"]
[White "Bira47"]
[Black "J1j6"]
[WhiteElo "1980"]
[BlackElo "1870"]
[Result "1-0"]
[Round "1"]
1.c4 e5
2.g3 c6
3.Bf1g2 Ng8f6
4.h3 d5
5.cxd5 Nf6xd5
6.Nb1c3 Nd5xc3
7.bxc3 Qd8f6
8.e3 g6
9.Ng1e2 Bc8e6
10.O-O Bf8d6
11.Bc1b2 Nb8d7
12.d4 Nd7b6
13.dxe5 Bd6xe5
14.Ne2d4 Be5xd4
15.cxd4 Be6d5
16.e4 Bd5c4
17.Rf1e1 O-O-O
18.Ra1b1 Qf6d6
19.d5 Rh8e8
20.e5 Qd6c5
21.d6 Nb6a4
22.Bb2d4 Qc5a3
23.Qd1g4 Bc4e6
24.Qg4f4 Qa3xa2
25.Rb1a1 Qa2b3
26.Re1b1 Qb3c2
27.Bd4xa7 Na4c3
28.Rb1e1 Qc2b2
29.Qf4e3 Kd7
30.Qe3b6 Qb2xb6
31.Ba7xb6 Rd8a8
32.Ra1xa8 Re8xa8
33.Kh2 h5
34.Re1e3 Nc3d5
35.Bg2xd5 Be6xd5
36.Re3e2 Ke6
37.f4 f6
38.exf6 Kxd6
39.g4 hxg4
40.hxg4 Bd5f3
41.Re2d2 Ke6
42.g5 Ra8a4
43.Kg3 Bf3d5
44.Rd2e2 Kf5
45.Re2e5 
1-0

[Event "Tourn. n9899"]
[Site "www.echecsemail.com"]
[Date "2018.09.14"]
[Round "1"]
[White "Ditto"]
[Black "Apdash"]
[WhiteElo "1880"]
[BlackElo "1930"]
[Result "0-1"]
[Round "1"]
1.d4 d5
2.Ng1f3 e6
3.Bc1f4 c5
4.c4 Ng8f6
5.Bf4g5 cxd4
6.Qd1xd4 Bf8e7
7.cxd5 exd5
8.Nb1c3 Nb8c6
9.Qd4d1 Bc8e6
10.e3 O-O
11.Bf1d3 h6
12.Bg5f4 a6
13.O-O Nf6h5
14.Bf4e5 Nc6xe5
15.Nf3xe5 Nh5f6
16.Rf1e1 Qd8c7
17.Ne5f3 Be6g4
18.Ra1c1 Qc7a5
19.Bd3e2 Ra8d8
20.Nf3e5 Bg4xe2
21.Nc3xe2 Qa5xa2
22.b3 Qa2a5
23.Ne2d4 Be7b4
24.Re1e2 Nf6e4
25.Rc1a1 Qa5c7
26.Ne5d3 Ne4c3
27.Qd1c2 Nc3xe2
28.Qc2xe2 Bb4d6
29.Qe2g4 Bd6xh2
30.Kf1 Qc7c3
31.Ra1d1 Kh7
32.g3 Rd8d6
33.Kg2 Bh2xg3
34.Qg4xg3 Rd6g6
35.Qg3xg6 fxg6
36.Nd3f4 g5
37.Nf4e6 Rf8f6
38.Rd1f1 Qc3c8
39.Rf1h1 Rf6xe6
40.Kg3 Re6e4
41.Rh1a1 Qc8g4
{ resign }
0-1

[Event "Match"]
[Site "www.echecsemail.com"]
[Date "2018.09.14"]
[Round "1"]
[White "Sonny1000"]
[Black "Whitekknight"]
[WhiteElo "1590"]
[BlackElo "1830"]
[Result "0-1"]
[Round "1"]
1.e4 e5
2.c4 Ng8f6
3.f3 Nf6xe4
4.fxe4 Qd8h4
5.g3 Qh4xe4
6.Qd1e2 Qe4xh1
7.Qe2g2 Qh1xg2
8.Bf1xg2 c6
9.Nb1c3 Bf8b4
10.Nc3e4 d5
11.a3 Bb4e7
12.cxd5 cxd5
13.Ne4f2 e4
14.d4 Nb8c6
15.Bc1e3 f5
16.Nf2h3 g5
17.Be3xg5 Nc6xd4
18.Bg5xe7 Kxe7
19.Ra1c1 Nd4c6
20.Nh3f4 Kd6
21.Ng1h3 h6
22.Nf4g6 Rh8g8
23.Nh3f4 Nc6e7
24.Ng6h4 Bc8d7
25.b4 Ra8c8
26.Rc1b1 Rc8c2
27.Nf4e2 Ne7g6
28.Nh4xg6 Rg8xg6
29.Ne2f4 Rg6g7
30.Rb1d1 Bd7c6
31.h3 Rg7xg3
32.Nf4e2 Rg3xg2
33.Kf1 Rc2xe2
34.Rd1e1 Re2f2

0-1